|
|
|
|
| LEADER |
00779nam a2200193 a 4500 |
| 001 |
c000301095 |
| 003 |
CARM |
| 005 |
20061111052929.0 |
| 008 |
950911s1953 enk 0 eng d |
| 019 |
1 |
|
|a 54236621
|5 LACONCORD2021
|
| 035 |
|
|
|a (OCoLC)903611102
|5 LACONCORD2021
|
| 082 |
0 |
4 |
|a 389
|
| 100 |
1 |
|
|a Berriman, Algernon Edward.
|
| 245 |
1 |
0 |
|a Historical metrology :
|b a new analysis of the archaeological and the historical evidence relating to weights and measures.
|
| 260 |
|
|
|a Lond :
|b Dent,
|c 1953.
|
| 650 |
|
0 |
|a Weights and measures
|x History.
|
| 852 |
8 |
|
|b CARM
|h A3:AD27B0
|i B11359
|p 0550175
|f BK
|
| 999 |
f |
f |
|i f3ca5829-353c-53bf-b8ad-d2010ae17dc3
|s b7a7d105-52eb-5918-90a5-207784ee201d
|
| 952 |
f |
f |
|p Can circulate
|a CAVAL
|b CAVAL
|c CAVAL
|d CARM 1 Store
|e B11359
|f A3:AD27B0
|h Other scheme
|i book
|m 0550175
|